SNL - Kate McKinnon Impressions Quiz Stats

 Plays Quiz Updated Feb 18, 2018

Score 0/15 Timer 03:00
1 Play Today
% Correct
Justin Bieber
96.3%
Ellen DeGeneres
95%
Lorde
92.8%
Kris Jenner
92.7%
Lucille Ball
92.7%
Ruth Bader Ginsburg
91.7%
Hillary Clinton
91.5%
Martha Stewart
89.6%
% Correct
Jodie Foster
88.3%
Maggie Smith
88.3%
Emilia Clarke
86.9%
Tilda Swinton
85.3%
Iggy Azalea
83.7%
Jane Lynch
82.7%
Greta Van Susteren
77.4%

You're not logged in!

Compare scores with friends on all Sporcle quizzes.
OR
Log In

You Might Also Like...

Show Comments

Extras

Top Quizzes Today


Score Distribution

Your Account Isn't Verified!

In order to create a playlist on Sporcle, you need to verify the email address you used during registration. Go to your Sporcle Settings to finish the process.

Report this User

Report this user for behavior that violates our Community Guidelines.

Details: